Every Country, State, and Territory in the world (Part 2 of 3 ) - Statistics

General Stats
  • This quiz has been taken 6 times
  • The average score is 85 of 500
Answer Stats
Picture Answer % Correct
Antigua and Barbuda
100%
Argentina
100%
Barbados
100%
Bosnia and Herzegovina
100%
Brunei
100%
Cambodia
100%
Chile
100%
Croatia
100%
Cuba
100%
Czech Republic
100%
East Timor
100%
Egypt
100%
Eswatini
100%
Germany
100%
Guyana
100%
Haiti
100%
India
100%
Iran
100%
Iraq
100%
Jamaica
100%
Kazakhstan
100%
Kenya
100%
Kiribati
100%
Laos
100%
Liberia
100%
Liechtenstein
100%
Malawi
100%
Mexico
100%
Mozambique
100%
Nauru
100%
North Korea
100%
North Macedonia
100%
Oman
100%
Panama
100%
Paraguay
100%
Saudi Arabia
100%
Serbia
100%
SeyChelles
100%
Slovakia
100%
South Africa
100%
South Sudan
100%
Spain
100%
Syria
100%
Taiwan
100%
Tanzania
100%
Thailand
100%
The Bahamas
100%
Trinidad and Tobago
100%
Turkmenistan
100%
United Arab Emirates
100%
Venezuela
100%
Zimbabwe
100%
Austria
67%
Basra
67%
Bavaria
67%
Belize
67%
Bomet
67%
Cape Verde
67%
Costa Rica
67%
Diyala
67%
Djibouti
67%
Equatorial Guinea
67%
Eritrea
67%
Hualien
67%
Jordan
67%
Kirkuk
67%
Kuwait
67%
Lakes State
67%
Marshall Islands
67%
Namibia
67%
Nantou
67%
Peru
67%
Poland
67%
Republic of the Congo
67%
Ruweng
67%
Rwanda
67%
Saint Kitts and Nevis
67%
Samoa
67%
Sao Tome and Principe
67%
Singapore
67%
Slovenia
67%
Sudan
67%
Tajikistan
67%
The Maldives
67%
The Phillipines
67%
Unity State
67%
Uruguay
67%
Uzbekistan
67%
Vanuatu
67%
Warrap State
67%
Yemen
67%
Alajuela
33%
Amazonas
33%
Ancash
33%
Babil
33%
Barbuda
33%
Berlin
33%
Biobio
33%
Chiayi County
33%
Flores
33%
Kwale
33%
Lavalleja
33%
Loreto
33%
Maule
33%
O'Higgins
33%
Pingtung
33%
Rocha
33%
Taitung
33%
Tarapaca
33%
Tlaxcala
33%
Ucayali
33%
Valparaiso
33%
Yucatan
33%
Abu Dhabi
0%
Ajman and Dubai
0%
Alava
0%
Albacete
0%
Alexandria
0%
Almeria
0%
Al Qadarif
0%
Alto Paraguay
0%
Alto Parana
0%
Amambay
0%
Amnat Charoen
0%
Antofagasta
0%
Apurimac
0%
Arequipa
0%
Arica and Parinacota
0%
Arima Borough
0%
Artigas
0%
Asturias
0%
Aswan
0%
Asyut
0%
Atacama
0%
Avila
0%
Ayacucho
0%
Aysen
0%
Baden-Wurttemberg
0%
Balearic Islands
0%
Balzers and Gamprin
0%
Bangkok
0%
Bangsamoro
0%
Banska Bystrica
0%
Barcelona
0%
Barima-Waini
0%
Behira
0%
Beni Suef
0%
Bocas del Toro
0%
Bohemia
0%
Bomi
0%
Bong
0%
Brandenburg
0%
Bratislava
0%
Bremen
0%
Bueng Kan
0%
Buenos Aires
0%
Buenos Aires City
0%
Burgenland
0%
Burgos
0%
Buriram
0%
Busia
0%
Caaguazu
0%
Caazapa
0%
Caceres
0%
Cadiz
0%
Cairo
0%
Cajamarca
0%
Callao
0%
Canelones
0%
Canindeyu
0%
Cantabria
0%
Carinthia
0%
Cartago
0%
Catamarca
0%
Central Department
0%
Central Equatoria
0%
Cerro Largo
0%
Chaco
0%
Changhua
0%
Chanthaburi
0%
Chiang Mai
0%
Chiang Rai
0%
Chiayi City
0%
Chiriqui
0%
Chonburi
0%
Chubut
0%
Ciudad Real
0%
Cocle
0%
Colon
0%
Colonia
0%
Coquimbo
0%
Cordilera
0%
Cordoba
0%
Corodoba
0%
Corrientes
0%
Couva Tabaquite Talparo
0%
Croatia Proper
0%
Cuernca
0%
Cusco
0%
Cuyuni-Mazaruni
0%
Dakahlia
0%
Dalmatia
0%
Damerara-Machaica
0%
Damietta
0%
Darien
0%
Durango
0%
Durazno
0%
East Berbice-Corentyne
0%
Eastern Equatoria
0%
Entre Rios
0%
Eschen
0%
Essequibo Islands-West Demerara
0%
Federal Territories of Malaysia
0%
Florida
0%
Formosa
0%
Gbarpolu
0%
Gharbia
0%
Giza
0%
Granada
0%
Grand Bassa
0%
Grand Cape Mount
0%
Grand Gedeh
0%
Grand Kru
0%
Greater Poland
0%
Guadalajara
0%
Guaira
0%
Guanacaste
0%
Guanajuato
0%
Guerrero
0%
Guipuzcoa
0%
Hamburg
0%
Herrera
0%
Hesse
0%
Hradec Kralove
0%
Hsinchu City
0%
Hsinchu County
0%
Huancavelica
0%
Huanuco
0%
Huelva
0%
Huesca
0%
Ica
0%
Indonesia
0%
Ismailiya
0%
Jaen
0%
Jailsco
0%
Junin
0%
Kafr El-Sheikh
0%
Kalasin
0%
Kamphaeng Phet
0%
Karagandy
0%
Karakalpakstan
0%
Karlovy Vary
0%
Kassala
0%
Kedah
0%
Keelung
0%
Kelantan
0%
Khartoum
0%
Kiambu
0%
Kosice
0%
Krabi
0%
Kuala Lumpur
0%
Kuyavia-Pomerania
0%
Kyzylorda
0%
La Araucania
0%
Laikipia
0%
La Libertad
0%
Lambayeque
0%
Lampang
0%
Lamphun
0%
Lamu
0%
La Pampa
0%
La Rioja
0%
La Rioja
0%
Las Palmas
0%
Leon
0%
Lerida
0%
Lesser Poland
0%
Liberec
0%
Lima Region
0%
Limon
0%
Lodz
0%
Lofa
0%
Lopburi
0%
Los Lagos
0%
Los Rios
0%
Los Santos
0%
Lower Austria
0%
Lower Saxony
0%
Lower Silesia
0%
Lublin
0%
Lubusz
0%
Lugo
0%
Luxor
0%
Madre de Dios
0%
Madrid
0%
Mae Hong Son
0%
Magallanes
0%
Mahaica-Berbice
0%
Malacca
0%
Malaga
0%
Malampa
0%
Maldonado
0%
Mandera
0%
Margibi
0%
Maryland
0%
Masovia
0%
Matrouh
0%
Mauren
0%
Mayaro-Rio Claro
0%
Mecklenburg-Western Pomerania
0%
Mendoza
0%
Menoufia
0%
Meru
0%
Metropolitan Region
0%
Miaoli
0%
Minya
0%
Misiones
0%
Misiones
0%
Mombasa
0%
Monaco
0%
Monteserrado
0%
Moquegua
0%
Moravian Silesian
0%
Mpumalanga
0%
Mukdahan
0%
Murcia
0%
Muthanna
0%
Nakhon Pathom
0%
Nakhon Phanom
0%
Nakhon Ratchasima
0%
Nakhon Sawan
0%
Nakhon Si Thammarat
0%
Naratiwat
0%
Navarra
0%
Neembucu
0%
Negeri Sembilan
0%
Neuquen
0%
New Valley
0%
Nimba
0%
Nineveh
0%
Nitra
0%
Nong Khai
0%
North Darfur
0%
Northern Bahr el Ghazal
0%
North Rhine-Westphalia
0%
North Sinai
0%
Nuble
0%
Nyandarua
0%
Olomouc
0%
Opole
0%
Ourense
0%
Pahang
0%
Palencia
0%
Panama Oeste
0%
Paradubice
0%
Paraguari
0%
Pasco
0%
Pathum Thani
0%
Paysandu
0%
Penama
0%
Penang
0%
Penghu
0%
Perak
0%
Perlis
0%
Phatthalung
0%
Phayao
0%
Phetchabun
0%
Phetchaburi
0%
Phitsanulok
0%
Phrae
0%
Phra Nakhon Si Ayutthaya
0%
Phuket
0%
Piura
0%
Planken
0%
Plzen
0%
Podlaskie
0%
Pomerania
0%
Pomeroon-Supernaam
0%
Port Said
0%
Potaro-Siparuni
0%
Prachinburi
0%
Prachuap Khiri Khan
0%
Prague
0%
Presidente Hayes
0%
Presov
0%
Prontevedra
0%
Puno
0%
Puntarenas
0%
Qena
0%
Queretaro
0%
Quintano Roo
0%
Ranong
0%
Rayong
0%
Red Sea
0%
Rhineland-Palatinate
0%
Rio Et
0%
Rio Negro
0%
Rio Negro
0%
Rivera
0%
Rivercess
0%
River Gee
0%
Ruggell
0%
Saarland
0%
Sabah
0%
Sakon Nakhon
0%
Saladin
0%
Salamanca
0%
Salta
0%
Salto
0%
Salzburg, Vienna and Vorarlberg
0%
Samut Prakan
0%
Samut Sakhon
0%
Samut Songkhram
0%
San Jose
0%
San Jose
0%
San Juan
0%
San Luis
0%
Sanma
0%
San Martin
0%
San Pedro
0%
Santa Cruz
0%
Santa Cruz de Tenerife
0%
Santa Fe
0%
Santiago Del Estero
0%
Saraburi
0%
Sarawak
0%
Saxony
0%
Saxony-Anhalt
0%
Schaan
0%
Schellenberg
0%
Schleswig-Holstein
0%
Segovia
0%
Selangor
0%
Sevilla
0%
Sharjahand Ras Al Khaimah
0%
Sharkia
0%
Shefa
0%
Silesia
0%
Sing Buri
0%
Sinoe
0%
Sisaket
0%
Slavonia
0%
SongKhla
0%
Soria
0%
Soriano
0%
South Bohemia
0%
South Darfur
0%
South Moravian
0%
South Sinai
0%
Styria
0%
Subcarpathia
0%
Suez
0%
Sukhothai
0%
Suphan Buri
0%
Surat Thani
0%
Swietokrzyskie
0%
Tacna
0%
Tafea
0%
Taita Ta Veta
0%
Tarragona
0%
Tashkent
0%
Terengganu
0%
Teruel
0%
Thuringia
0%
Tierra Del Fuego
0%
Toledo
0%
Torba
0%
Trat
0%
Treintay Tres
0%
Trencin
0%
Triesen
0%
Triesenberg
0%
Trnava
0%
Tucuman
0%
Tumbles
0%
Tyrol and Upper Austria
0%
Ubon Ratchathani
0%
Umm Al Qaiwain
0%
Upper Demerara-Berbice
0%
Upper Nile State
0%
Upper Takutu-Upper Essequibo
0%
Usti Nad Labern
0%
Uthai Thani
0%
Vaduz
0%
Valladolid
0%
Veraguas
0%
Vihiga
0%
Vizcaya
0%
Vysocina
0%
Wajir
0%
Warmia-Masuria
0%
Wasit
0%
Western Bahr el Ghazal
0%
Western Equatoria
0%
West Pomerania
0%
Yilan
0%
Yunlin
0%
Zaragoza
0%
Zilina
0%
Zlin
0%
No matching quizzes found
Score Distribution
Percent of People with Each Score
Percentile by Number Answered
Your Score History
You have not taken this quiz